| 000 | 01061cam a22003137a 4500 | ||
|---|---|---|---|
| 003 | CHAP | ||
| 005 | 20220329141913.0 | ||
| 008 | 980514d1971 mx a r 00010 spa d | ||
| 010 | _a75526 | ||
| 011 | _a76498 | ||
| 035 | _a86083 | ||
| 040 | _cCHAP | ||
| 082 | 0 | 4 |
_a631.53 _bH37Y 1968 |
| 100 | 0 | 0 |
_aHartmann, Hudson Thomas. _952957 |
| 245 | 1 | 0 |
_aPropagación de plantas : _bprincipios y prácticas _c/por Hudson Thomas Hartmann |
| 260 |
_aMéxico, D.F. : _bCECSA, _c1971. |
||
| 300 |
_a810 p. : _bilus. |
||
| 500 | _aTrad. de la 2 ed. en ingles de 1968. | ||
| 590 |
_aBATCH-UPD _b10 _c20130110 _lUCH01 _h0855 |
||
| 590 |
_aBATCH-UPD _b10 _c20130410 _lUCH01 _h0526 |
||
| 590 |
_aBATCH-UPD _b10 _c20130914 _lUCH01 _h1603 |
||
| 590 |
_aCONVERSION _b10 _c20130109 _lUCH01 _h1341 |
||
| 650 | 1 | 4 |
_aPropagación de plantas. _992417 |
| 901 | _aBK | ||
| 905 | _aGuadalupe Pinto C. | ||
| 942 | _cLIBRO | ||
| 949 |
_a631.53 H37Y 1968 _bBC _cLIBRO _d33724000687166 _eLIBRO _h92258 _i86083 _so |
||
| 949 |
_a631.53 H37Y 1968 _bBC _cLIBRO _d33724000920567 _eLIBRO _fc.2 _h93374 _i86083 _si |
||
| 999 |
_c75526 _d75526 |
||